Técnica y civilización / (Record no. 30080)

MARC details
000 -LEADER
campo de control de longitud fija 01296cam a2200385Ii 4500
001 - NÚMERO DE CONTROL
campo de control 89109
005 - FECHA Y HORA DE LA ÚLTIMA TRANSACCIÓN
campo de control 20230410104012.0
008 - DATOS DE LONGITUD FIJA--INFORMACIÓN GENERAL
campo de control de longitud fija 751124s19941971sp a b 001 0 spa d
035 ## - NÚMERO DE CONTROL DEL SISTEMA
Número de control de sistema (OCoLC)ocm01851492
040 ## - FUENTE DE CATALOGACIÓN
Centro catalogador/agencia de origen TXP
Centro/agencia transcriptor TXP
Centro/agencia modificador PL#
-- OCL
-- EL$
-- OCLCQ
-- OCLCG
020 ## - NÚMERO INTERNACIONAL ESTÁNDAR DEL LIBRO
Número Internacional Estándar del Libro 8420620114
020 ## - NÚMERO INTERNACIONAL ESTÁNDAR DEL LIBRO
Número Internacional Estándar del Libro 9788420620114
035 ## - NÚMERO DE CONTROL DEL SISTEMA
Número de control de sistema (OCoLC)1851492
041 1# - CÓDIGO DE IDIOMA
Código de lengua del texto/banda sonora o título independiente spa
Código de lengua original eng
050 14 - SIGNATURA TOPOGRÁFICA DE LA BIBLIOTECA DEL CONGRESO
Número de clasificación CB 478
Número de ítem M962t 1994
100 1# - ENTRADA PRINCIPAL--NOMBRE DE PERSONA
Nombre de persona Mumford, Lewis,
Fechas asociadas al nombre 1895-1990.
245 10 - MENCIÓN DEL TÍTULO
Título Técnica y civilización /
Mención de responsabilidad, etc. Lewis Mumford ; versión española de Constantino Aznar de Acevedo.
260 ## - PUBLICACIÓN, DISTRIBUCIÓN, ETC.
Lugar de publicación, distribución, etc. Madrid :
Nombre del editor, distribuidor, etc. Alianza Editorial,
Fecha de publicación, distribución, etc. 1994 c1971.
300 ## - DESCRIPCIÓN FÍSICA
Extensión xxi 522 p. :
Otras características físicas front., plates.
Dimensiones 22 cm.
440 #0 - MENCIÓN DE SERIE/PUNTO DE ACCESO ADICIONAL--TÍTULO
Título Alianza universidad;
Designación de volumen o secuencia 11
500 ## - NOTA GENERAL
Nota general Traducido del idioma original: Technics and civilization
504 ## - NOTA DE BIBLIOGRAFÍA, ETC.
Nota de bibliografía, etc. Includes Bibliographical referents( p. 474-501) and indexes
650 #0 - PUNTO DE ACCESO ADICIONAL DE MATERIA--TÉRMINO DE MATERIA
Término de materia o nombre geográfico como elemento de entrada Technology and civilization.
650 #0 - PUNTO DE ACCESO ADICIONAL DE MATERIA--TÉRMINO DE MATERIA
Término de materia o nombre geográfico como elemento de entrada Industrial arts
Subdivisión general History.
653 ## - TÉRMINO DE INDIZACIÓN--NO CONTROLADO
Término no controlado Sociología
-- Tecnología
650 #4 - PUNTO DE ACCESO ADICIONAL DE MATERIA--TÉRMINO DE MATERIA
Término de materia o nombre geográfico como elemento de entrada Civilización
Subdivisión general Historia.
650 #4 - PUNTO DE ACCESO ADICIONAL DE MATERIA--TÉRMINO DE MATERIA
Término de materia o nombre geográfico como elemento de entrada Maquinaria
Subdivisión general Historia.
650 #4 - PUNTO DE ACCESO ADICIONAL DE MATERIA--TÉRMINO DE MATERIA
Término de materia o nombre geográfico como elemento de entrada CES
650 #4 - PUNTO DE ACCESO ADICIONAL DE MATERIA--TÉRMINO DE MATERIA
Término de materia o nombre geográfico como elemento de entrada Colección Enriquillo Sánchez
700 1# - ENTRADA AGREGADA--NOMBRE PERSONAL
Nombre de persona Aznar de Acevedo, Constantino
938 ## -
-- Puvill Libros
-- PUVL
-- 8420620114
-- $33.02
942 ## - ELEMENTOS DE ENTRADA SECUNDARIOS (KOHA)
Fuente del sistema de clasificación o colocación Clasificación de Library of Congress
Tipo de ítem Koha
994 ## -
-- C0
-- DRFGD
946 ## - PROCESAMIENTO DE INFORMACIÓN LOCAL (OCLC)
a lmm
Holdings
Estatus retirado Estado de pérdida Fuente del sistema de clasificación o colocación Estado de daño No para préstamo Colección Biblioteca de origen Biblioteca actual Ubicación en estantería Fecha de adquisición Serial enumeration / chronology Signatura topográfica completa Código de barras Visto por última vez Copia número Tipo de ítem Koha
    Clasificación de Library of Congress     Recursos Regionales Biblioteca Juan Bosch Biblioteca Juan Bosch Recursos Regionales (2do. Piso) 10/04/2023 1 CB 478 M962t 1994 00000077040 23/10/2018 1